| 000 | 00811nam a2200253 i 4500 | ||
|---|---|---|---|
| 001 | 20468 | ||
| 003 | ES-MaACL | ||
| 005 | 20230929062523.0 | ||
| 007 | t| | ||
| 008 | 021113s1970 sp ||||1| spa d | ||
| 080 | _a(038)=134.2 | ||
| 110 | 2 |
_aReal Academia Española _96336 |
|
| 245 | 1 | 0 |
_aDiccionario de la lengua española / _cReal Academia Española. |
| 250 | _a19ª ed. | ||
| 260 |
_aMadrid : _bEspasa-Calpe, _c1970. |
||
| 300 |
_aXXIX, 1424 p. ; _c31 cm. |
||
| 650 | 1 | 4 |
_aLengua española- _vDiccionarios. _914137 |
| 852 |
_aES-MaACL _jC-41257 _bR.79216 |
||
| 852 |
_aES-MaACL _jB-1795 _bR.73019 |
||
| 852 |
_aES-MaACL _jB-1796 _bR.73755 |
||
| 852 |
_aES-MaACL _jB-1797 _bR.74166 |
||
| 852 |
_aES-MaACL _jB-411 _9R.145219 _z.- Biblioteca Jacinto Martínez Lacalle |
||
| 999 |
_c20468 _d20468 |
||